| 000 | 00689nam a22001695i 4500 | ||
|---|---|---|---|
| 001 | 152268 | ||
| 003 | ES-MaACL | ||
| 005 | 20251004063158.0 | ||
| 008 | 010525s1889 sp |||| | spa d | ||
| 040 |
_aCCPB | B _bspa _cCCPB | B |
||
| 100 | 1 |
_aBobadilla, Emilio, _d1868-1921 _929641 |
|
| 245 | 1 | 0 |
_aFiebres / _cFray Candil (Emilio Bobadilla). |
| 260 |
_aMadrid : _b[s.n.], _c1889 ( _festablecimiento tipográfico de Manuel Minuesa) |
||
| 300 |
_aXII, 176 p. ; _c18 cm. |
||
| 852 |
_aES-MaACL _jG-7316 _z-- Enc. hol. _z-- Dedic. ms. del autor al Ateneo de Madrid _x-- Edic.: Son XIII, 176 p. -- El autor consta en port.: Fray Candil (Emilio Bobadilla) |
||
| 999 |
_c152268 _d152268 |
||